Polskie postacie historyczne. - Statystyki

Ogólne statystyki
  • Ten quiz został rozwiązany 30 razy
  • Średni wynik to 22 z 31
Statystyki odpowiedzi
Opis Postaci Postać Historyczna % Poprawnych
Pierwszy król Polski Bolesław I Chrobry
100%
Jedyny papież Polak w historii Jan Paweł II
100%
Marszałek Polski, Naczelnik Państwa po 1918 roku Józef Piłsudski
100%
Lider Solidarności i prezydent III RP (1990–1995) Lech Wałęsa
100%
Noblistka, odkrywczyni polonu i radu Maria Skłodowska-Curie
100%
Pierwszy historyczny władca Polski Mieszko I
100%
Astronom, autor dzieła „O obrotach sfer niebieskich” Mikołaj Kopernik
100%
Pierwszy prezydent Gabriel Narutowicz
95%
Jeden z trzech wieszczów narodowych, autor „Kordiana” i „Balladyny” Juliusz Słowacki
95%
Najsłynniejszy polski pianista i kompozytor okresu romantyzmu Fryderyk Chopin
90%
Ostatni król Polski, współtwórca Konstytucji 3 maja Stanisław August Poniatowski
90%
„Prymas Tysiąclecia”, więziony przez władze komunistyczne w latach 50 Stefan Wyszyński
85%
Przywódca powstania z 1794 roku, bohater narodowy Polski i USA Tadeusz Kościuszko
85%
sekretarz KC PZPR w latach 70., kojarzony z „dekadą sukcesu” Edward Gierek
80%
Prezydent II RP w latach 1926–1939, z wykształcenia chemik Ignacy Mościcki
80%
Dobrowolny więzień Auschwitz, autor raportów o Holokauście Witold Pilecki
80%
Dowódca 2. Korpusu Polskiego, zdobywca Monte Cassino Władysław Anders
80%
Król Polski, dowódca zwycięskiej odsieczy wiedeńskiej w 1683 roku Jan III Sobieski
75%
Pisarz, autor „Przedwiośnia” i „Ludzi bezdomnych”, nazywany „sumieniem narodu” Stefan Żeromski
75%
Sekretarz KC PZPR (Odwilż Październikowa) Władysław Gomułka
70%
Ostatni król z dynastii Piastów; „zastał Polskę drewnianą, zostawił murowaną” Kazimierz III Wielki
65%
Generał „Nil”, dowódca Kedywu AK, stracony w 1953 r. Emil Fieldorf
60%
Światowej sławy pianista i premier Polski, zabiegał o niepodległość w 1918 r. Ignacy Jan Paderewski
60%
Premier rządu na uchodźstwie, zginął w katastrofie w Gibraltarze Władysław Sikorski
60%
Wielki książę litewski i król Polski, zwycięzca spod Grunwaldu Władysław II Jagiełło
55%
Król, który zjednoczył Polskę po rozbiciu dzielnicowym Władysław Łokietek
50%
Bohater „Kamieni na szaniec”, dowódca w Szarych Szeregach (ps. „Zośka”) Tadeusz Zawadzki
40%
Przewodniczący PKWN i pierwszy premier powojennej Polski Edward Osóbka-Morawski
25%
Komendant Okręgu Warszawa AK, dowódca powstania warszawskiego (ps. „Monter”) Antoni Chruściel
20%
Minister Bezpieczeństwa Publicznego (szef UB) w latach 1944–1954 Stanisław Radkiewicz
10%
Obrońca Westerplatte, dowódca placówki „Prom” we wrześniu 1939 roku Leon Pająk
5%
Nie znaleziono quizów pasujących do podanych kryteriów
Rozkład punktacji
Procent ludzi z każdym wynikiem
Percentyl według liczby udzielonych odpowiedzi
Twoja historia wyników
Nie rozwiązałeś tego quizu